[Event "ODJM B 2022"]
[Site "Willingen GER"]
[Date "2022.06.05"]
[Round "1"]
[White "Payyappat, Sayas"]
[Black "Kieselbach, Marvin"]
[Result "0-1"]
[Termination "normal"]
[Board "3"]
[WhiteElo "1542"]
[BlackElo "1662"]
[WhiteClock "01:07:39"]
[BlackClock "00:15:39"]
[PlyCount "45"]
[WhiteFideId "25659260"]
[BlackFideId "16235770"]
[EventCountry "GER"]
[EventRounds "9"]
[EventType "swiss"]
[EventDate "2022.06.04"]

1. g3 {[%clk 1:30:56]} Nf6 {[%clk 1:30:52]} 2. Bg2 {[%clk 1:31:02]} c5 {[%clk
1:30:54]} 3. Nf3 {[%clk 1:30:56]} Nc6 {[%clk 1:30:56]} 4. O-O {[%clk 1:30:51]}
e5 {[%clk 1:30:46]} 5. d3 {[%clk 1:31:02]} d5 {[%clk 1:30:38]} 6. c4 {[%clk
1:30:07]} Be7 {[%clk 1:27:49]} 7. Bg5 {[%clk 1:29:31]} Be6 {[%clk 1:22:29]} 8.
Bxf6 {[%clk 1:29:39]} Bxf6 {[%clk 1:22:49]} 9. cxd5 {[%clk 1:29:55]} Bxd5
{[%clk 1:23:01]} 10. Nc3 {[%clk 1:30:18]} Be6 {[%clk 1:20:12]} 11. Rc1 {[%clk
1:29:33]} b6 {[%clk 1:08:28]} 12. b3 {[%clk 1:28:19]} Qd7 {[%clk 1:05:10]} 13.
Ne4 {[%clk 1:27:24]} Be7 {[%clk 1:04:17]} 14. Nfd2 {[%clk 1:26:00]} h5 {[%clk
0:53:01]} 15. Nc4 {[%clk 1:24:52]} h4 {[%clk 0:36:57]} 16. gxh4 {[%clk
1:20:42]} Bh3 {[%clk 0:34:39]} 17. e3 {[%clk 1:18:52]} Rxh4 {[%clk 0:32:50]}
18. Qf3 {[%clk 1:18:14]} O-O-O {[%clk 0:22:32]} 19. Nxc5 {[%clk 1:09:26]} Bxg2
{[%clk 0:21:12]} 20. Nxd7 {[%clk 1:07:46]} Bxf3 {[%clk 0:21:24]} 21. Ndxe5
{[%clk 1:07:55]} Bd5 {[%clk 0:15:26]} 22. Nxc6 {[%clk 1:07:39]} Rg4# {[%clk
0:15:39]} 23. Ra1 0-1

[Event "ODJM B 2022"]
[Site "Willingen GER"]
[Date "2022.06.05"]
[Round "1"]
[White "Kalina, Lena"]
[Black "Birkenheier, Nicolas"]
[Result "1-0"]
[Termination "normal"]
[Board "4"]
[WhiteElo "1735"]
[BlackElo "1350"]
[WhiteClock "00:09:39"]
[BlackClock "00:11:06"]
[PlyCount "145"]
[WhiteFideId "12988014"]
[BlackFideId "16287100"]
[EventCountry "GER"]
[EventRounds "9"]
[EventType "swiss"]
[EventDate "2022.06.04"]

1. d4 {[%clk 1:30:57]} d5 {[%clk 1:30:48]} 2. c4 {[%clk 1:31:22]} c6 {[%clk
1:30:50]} 3. cxd5 {[%clk 1:31:38]} cxd5 {[%clk 1:30:51]} 4. Nc3 {[%clk
1:31:08]} Nf6 {[%clk 1:30:03]} 5. Bf4 {[%clk 1:30:32]} Nc6 {[%clk 1:27:44]} 6.
e3 {[%clk 1:29:05]} Bf5 {[%clk 1:25:12]} 7. Qb3 {[%clk 1:26:53]} Na5 {[%clk
1:19:52]} 8. Qa4+ {[%clk 1:26:28]} Bd7 {[%clk 1:16:26]} 9. Qc2 {[%clk 1:25:46]}
Rc8 {[%clk 1:13:26]} 10. Bd3 {[%clk 1:19:04]} e6 {[%clk 1:09:51]} 11. Nge2
{[%clk 1:12:52]} a6 {[%clk 1:05:38]} 12. O-O {[%clk 1:09:01]} b5 {[%clk
1:03:38]} 13. Qd1 {[%clk 1:01:05]} Nc4 {[%clk 0:59:07]} 14. Bxc4 {[%clk
0:55:21]} Rxc4 {[%clk 0:57:49]} 15. a3 {[%clk 0:49:39]} Be7 {[%clk 0:53:34]}
16. Nc1 {[%clk 0:47:02]} b4 {[%clk 0:49:02]} 17. axb4 {[%clk 0:37:00]} Bxb4
{[%clk 0:47:32]} 18. Na4 {[%clk 0:28:58]} Bb5 {[%clk 0:41:47]} 19. Nd3 {[%clk
0:26:56]} Ne4 {[%clk 0:28:09]} 20. b3 {[%clk 0:18:25]} Rc8 {[%clk 0:21:22]} 21.
Nxb4 {[%clk 0:16:19]} Bxf1 {[%clk 0:21:39]} 22. Qxf1 {[%clk 0:15:16]} a5 {[%clk
0:18:34]} 23. Qb5+ {[%clk 0:12:15]} Kf8 {[%clk 0:16:39]} 24. Nd3 {[%clk
0:11:08]} f6 {[%clk 0:11:59]} 25. Nac5 {[%clk 0:09:55]} Nxc5 {[%clk 0:10:10]}
26. Nxc5 {[%clk 0:10:16]} Qe7 {[%clk 0:09:28]} 27. Qa6 {[%clk 0:09:37]} Kf7
{[%clk 0:08:52]} 28. Bd6 {[%clk 0:06:19]} Qe8 {[%clk 0:07:52]} 29. Rxa5 {[%clk
0:03:16]} Rc6 {[%clk 0:06:42]} 30. Qb7+ {[%clk 0:03:12]} Kg6 {[%clk 0:06:39]}
31. Bf4 {[%clk 0:01:46]} Qc8 {[%clk 0:05:42]} 32. Ra7 {[%clk 0:01:16]} Qxb7
{[%clk 0:05:26]} 33. Rxb7 {[%clk 0:01:42]} Re8 {[%clk 0:05:15]} 34. h3 {[%clk
0:01:18]} e5 {[%clk 0:05:22]} 35. Bg3 {[%clk 0:01:43]} exd4 {[%clk 0:05:03]}
36. exd4 {[%clk 0:02:05]} Re1+ {[%clk 0:04:27]} 37. Kh2 {[%clk 0:02:32]} Rd1
{[%clk 0:04:43]} 38. Rb4 {[%clk 0:01:14]} Kf5 {[%clk 0:03:49]} 39. Bb8 {[%clk
0:00:56]} h5 {[%clk 0:03:14]} 40. h4 {[%clk 0:00:52]} Kg4 {[%clk 0:03:01]} 41.
Bg3 {[%clk 0:26:56]} Kf5 {[%clk 0:28:09]} 42. f3 {[%clk 0:24:29]} g5 {[%clk
0:26:20]} 43. hxg5 {[%clk 0:16:17]} fxg5 {[%clk 0:25:54]} 44. Bf2 {[%clk
0:15:28]} Rc8 {[%clk 0:24:47]} 45. Rb7 {[%clk 0:14:06]} Re8 {[%clk 0:17:17]}
46. Rd7 {[%clk 0:13:02]} Re2 {[%clk 0:14:17]} 47. Rxd5+ {[%clk 0:12:48]} Kg6
{[%clk 0:13:45]} 48. Ne4 {[%clk 0:12:19]} Rb2 {[%clk 0:09:49]} 49. Rxg5+ {[%clk
0:12:09]} Kf7 {[%clk 0:09:27]} 50. Rxh5 {[%clk 0:10:26]} Rxb3 {[%clk 0:09:22]}
51. Kg3 {[%clk 0:09:37]} Rb6 {[%clk 0:08:37]} 52. Rg5 {[%clk 0:09:18]} Rb8
{[%clk 0:07:10]} 53. d5 {[%clk 0:09:16]} Rd8 {[%clk 0:07:16]} 54. d6 {[%clk
0:09:26]} Rd7 {[%clk 0:07:08]} 55. Kf4 {[%clk 0:08:39]} Kf8 {[%clk 0:06:57]}
56. Rf5+ {[%clk 0:08:30]} Kg7 {[%clk 0:07:10]} 57. Bb6 {[%clk 0:08:41]} Rg1
{[%clk 0:06:54]} 58. Bxg1 {[%clk 0:09:02]} Kg6 {[%clk 0:07:06]} 59. g4 {[%clk
0:08:38]} Kg7 {[%clk 0:07:24]} 60. Bd4+ {[%clk 0:08:36]} Kg6 {[%clk 0:07:35]}
61. Be5 {[%clk 0:07:38]} Rd8 {[%clk 0:07:50]} 62. Nc5 {[%clk 0:07:28]} Kh7
{[%clk 0:07:59]} 63. d7 {[%clk 0:07:35]} Kg6 {[%clk 0:08:19]} 64. Bc7 {[%clk
0:07:45]} Ra8 {[%clk 0:08:36]} 65. d8=Q {[%clk 0:07:54]} Rxd8 {[%clk 0:09:02]}
66. Bxd8 {[%clk 0:08:19]} Kh7 {[%clk 0:09:25]} 67. Kg5 {[%clk 0:08:31]} Kg7
{[%clk 0:09:42]} 68. Rd5 {[%clk 0:08:32]} Kf7 {[%clk 0:10:02]} 69. Rd7+ {[%clk
0:08:56]} Kg8 {[%clk 0:10:18]} 70. Ba5 {[%clk 0:09:12]} Kf8 {[%clk 0:10:41]}
71. Kg6 {[%clk 0:09:21]} Ke8 {[%clk 0:11:06]} 72. Kf6 {[%clk 0:09:39]} Kf8 73.
Rd8# 1-0

[Event "ODJM B 2022"]
[Site "Willingen GER"]
[Date "2022.06.05"]
[Round "1"]
[White "Brunner, Alexander"]
[Black "Hartwig, Eric-Jordan"]
[Result "1/2-1/2"]
[Termination "normal"]
[Board "10"]
[WhiteElo "1666"]
[BlackElo "1510"]
[WhiteClock "00:10:45"]
[BlackClock "00:36:56"]
[PlyCount "53"]
[WhiteFideId "12965278"]
[BlackFideId "16298454"]
[EventCountry "GER"]
[EventRounds "9"]
[EventType "swiss"]
[EventDate "2022.06.04"]

1. d4 {[%clk 1:30:56]} Nf6 {[%clk 1:30:51]} 2. Nc3 {[%clk 1:31:19]} e6 {[%clk
1:29:54]} 3. Bf4 {[%clk 1:30:40]} Bb4 {[%clk 1:29:28]} 4. Qd3 {[%clk 1:25:50]}
d5 {[%clk 1:26:01]} 5. a3 {[%clk 1:23:19]} Ba5 {[%clk 1:24:27]} 6. b4 {[%clk
1:22:09]} Bb6 {[%clk 1:24:47]} 7. Nf3 {[%clk 1:17:43]} Nc6 {[%clk 1:17:52]} 8.
h3 {[%clk 1:11:55]} a5 {[%clk 1:15:51]} 9. b5 {[%clk 1:08:58]} Ne7 {[%clk
1:14:42]} 10. Na4 {[%clk 1:02:43]} c6 {[%clk 1:10:18]} 11. Ne5 {[%clk 0:59:45]}
Bc7 {[%clk 1:09:01]} 12. e3 {[%clk 0:54:07]} Nh5 {[%clk 1:08:14]} 13. Bh2
{[%clk 0:49:03]} f6 {[%clk 1:04:13]} 14. Be2 {[%clk 0:42:41]} fxe5 {[%clk
0:59:54]} 15. b6 {[%clk 0:39:32]} Nf4 {[%clk 0:56:32]} 16. exf4 {[%clk
0:37:54]} Bxb6 {[%clk 0:56:05]} 17. fxe5 {[%clk 0:37:19]} Ba7 {[%clk 0:50:27]}
18. Bf4 {[%clk 0:29:13]} Nf5 {[%clk 0:46:01]} 19. c3 {[%clk 0:23:44]} b5 {[%clk
0:40:29]} 20. Nb2 {[%clk 0:23:50]} Bd7 {[%clk 0:38:23]} 21. g4 {[%clk 0:16:15]}
Nh4 {[%clk 0:38:00]} 22. O-O {[%clk 0:15:23]} g5 {[%clk 0:38:07]} 23. Bg3
{[%clk 0:14:55]} Ng6 {[%clk 0:38:26]} 24. f4 {[%clk 0:14:43]} gxf4 {[%clk
0:37:50]} 25. Bxf4 {[%clk 0:12:59]} O-O {[%clk 0:38:12]} 26. Bg3 {[%clk
0:10:45]} Qe7 {[%clk 0:36:56]} 27. Kg2 1/2-1/2

[Event "ODJM B 2022"]
[Site "Willingen GER"]
[Date "2022.06.05"]
[Round "1"]
[White "Rotärmel, Leonie"]
[Black "Tryfon, Konstantin"]
[Result "0-1"]
[Termination "normal"]
[Board "11"]
[WhiteElo "1486"]
[BlackElo "1634"]
[WhiteClock "00:00:32"]
[BlackClock "00:16:53"]
[PlyCount "128"]
[WhiteFideId "16281390"]
[BlackFideId "16282353"]
[EventCountry "GER"]
[EventRounds "9"]
[EventType "swiss"]
[EventDate "2022.06.04"]

1. e4 {[%clk 1:30:57]} e5 {[%clk 1:30:55]} 2. Nf3 {[%clk 1:31:21]} Nc6 {[%clk
1:31:22]} 3. Bc4 {[%clk 1:31:35]} Bc5 {[%clk 1:31:41]} 4. c3 {[%clk 1:31:59]}
Nf6 {[%clk 1:31:30]} 5. d4 {[%clk 1:32:21]} exd4 {[%clk 1:31:49]} 6. cxd4
{[%clk 1:32:44]} Bb4+ {[%clk 1:32:10]} 7. Bd2 {[%clk 1:32:58]} Bxd2+ {[%clk
1:32:31]} 8. Nbxd2 {[%clk 1:33:22]} d5 {[%clk 1:32:20]} 9. exd5 {[%clk
1:32:55]} Nxd5 {[%clk 1:32:41]} 10. O-O {[%clk 1:14:11]} O-O {[%clk 1:31:29]}
11. Rc1 {[%clk 0:52:18]} Be6 {[%clk 1:26:07]} 12. a3 {[%clk 0:47:11]} Nce7
{[%clk 1:13:51]} 13. Ne4 {[%clk 0:37:58]} Bg4 {[%clk 1:08:55]} 14. Bxd5 {[%clk
0:29:23]} Nxd5 {[%clk 1:04:59]} 15. h3 {[%clk 0:26:24]} Bh5 {[%clk 1:03:34]}
16. Ng3 {[%clk 0:26:08]} Bg6 {[%clk 1:01:46]} 17. Ne5 {[%clk 0:24:52]} c6
{[%clk 1:00:06]} 18. Nxg6 {[%clk 0:23:09]} hxg6 {[%clk 0:59:37]} 19. Qb3 {[%clk
0:19:27]} Nb6 {[%clk 0:57:56]} 20. Rfd1 {[%clk 0:17:56]} Re8 {[%clk 0:56:29]}
21. Rc3 {[%clk 0:16:06]} Nd5 {[%clk 0:52:14]} 22. Rc2 {[%clk 0:13:15]} Qc7
{[%clk 0:50:50]} 23. Qxd5 {[%clk 0:12:35]} Qxg3 {[%clk 0:49:29]} 24. Qxf7+
{[%clk 0:12:48]} Kxf7 {[%clk 0:49:29]} 25. fxg3 {[%clk 0:13:14]} Rad8 {[%clk
0:49:23]} 26. Rf2+ {[%clk 0:11:43]} Kg8 {[%clk 0:48:46]} 27. Kf1 {[%clk
0:09:45]} Re7 {[%clk 0:47:11]} 28. Rf3 {[%clk 0:08:19]} Red7 {[%clk 0:47:15]}
29. Rb3 {[%clk 0:06:19]} b6 {[%clk 0:46:09]} 30. Rbd3 {[%clk 0:06:17]} Rd5
{[%clk 0:46:17]} 31. Ke2 {[%clk 0:06:26]} R8d7 {[%clk 0:44:50]} 32. b4 {[%clk
0:05:46]} a5 {[%clk 0:40:58]} 33. bxa5 {[%clk 0:05:39]} Rxa5 {[%clk 0:41:11]}
34. Rc3 {[%clk 0:05:34]} Rd6 {[%clk 0:40:20]} 35. Rb3 {[%clk 0:04:52]} b5
{[%clk 0:39:21]} 36. Rc3 {[%clk 0:05:00]} Ra4 {[%clk 0:38:43]} 37. Rcd3 {[%clk
0:03:36]} Ra7 {[%clk 0:33:21]} 38. Rc3 {[%clk 0:03:23]} Kf7 {[%clk 0:32:27]}
39. Rf3+ {[%clk 0:03:24]} Ke8 {[%clk 0:32:10]} 40. Re3+ {[%clk 0:03:07]} Kd8
{[%clk 0:29:29]} 41. Rf3 {[%clk 0:02:40]} Rad7 {[%clk 0:29:24]} 42. Rfd3 {[%clk
0:02:38]} Kc7 {[%clk 0:29:06]} 43. R3d2 {[%clk 0:01:50]} Kb6 {[%clk 0:28:14]}
44. Rd3 {[%clk 0:02:09]} Rd5 {[%clk 0:26:19]} 45. R1d2 {[%clk 0:02:07]} Ka5
{[%clk 0:26:16]} 46. Rd1 {[%clk 0:01:59]} Ka4 {[%clk 0:25:26]} 47. R1d2 {[%clk
0:01:23]} Re7+ {[%clk 0:20:20]} 48. Kf1 {[%clk 0:01:13]} Rf5+ {[%clk 0:18:47]}
49. Rf2 {[%clk 0:01:01]} Rd5 {[%clk 0:19:00]} 50. Rfd2 {[%clk 0:01:24]} Rd6
{[%clk 0:17:57]} 51. h4 {[%clk 0:29:00]} Rde6 {[%clk 0:46:16]} 52. Rc2 {[%clk
0:20:12]} Re1+ {[%clk 0:43:05]} 53. Kf2 {[%clk 0:20:32]} R7e6 {[%clk 0:37:20]}
54. Ra2 {[%clk 0:09:53]} Rb1 {[%clk 0:35:57]} 55. d5 {[%clk 0:06:32]} Rd6
{[%clk 0:34:05]} 56. Rad2 {[%clk 0:03:12]} c5 {[%clk 0:30:53]} 57. Re2 {[%clk
0:02:51]} c4 {[%clk 0:29:53]} 58. Rd4 {[%clk 0:01:58]} Rf6+ {[%clk 0:25:06]}
59. Ke3 {[%clk 0:00:52]} Rb3+ {[%clk 0:23:13]} 60. Kd2 {[%clk 0:00:38]} Rb2+
{[%clk 0:19:57]} 61. Ke1 {[%clk 0:00:45]} Rxe2+ {[%clk 0:19:17]} 62. Kxe2
{[%clk 0:01:09]} Rd6 {[%clk 0:19:39]} 63. Kd2 {[%clk 0:00:40]} Kb3 {[%clk
0:18:17]} 64. g4 {[%clk 0:00:32]} Kb2 {[%clk 0:16:53]} 0-1

[Event "ODJM B 2022"]
[Site "Willingen GER"]
[Date "2022.06.05"]
[Round "1"]
[White "Borgert, Alexander"]
[Black "Schilay, Maria"]
[Result "1/2-1/2"]
[Termination "normal"]
[Board "13"]
[WhiteElo "1468"]
[BlackElo "1568"]
[PlyCount "84"]
[WhiteFideId "16289188"]
[BlackFideId "12942979"]
[EventCountry "GER"]
[EventRounds "9"]
[EventType "swiss"]
[EventDate "2022.06.04"]

1. d4 d5 2. c4 e6 3. Nf3 Nf6 4. Nc3 c6 5. Bg5 Be7 6. e3 Nbd7 7. Bd3 Qc7 8. Bf4
Bd6 9. Bxd6 Qxd6 10. c5 Qc7 11. e4 dxe4 12. Nxe4 Nxe4 13. Bxe4 O-O 14. O-O Nf6
15. Qd3 h6 16. Nd2 e5 17. dxe5 Qxe5 18. Qc2 Be6 19. Rfe1 Qc7 20. Nc4 Rad8 21.
Nd6 Ne8 22. Nxe8 Rfxe8 23. a3 Rd7 24. Rad1 Red8 25. Rxd7 Rxd7 26. Rd1 Qd8 27.
Rxd7 Qxd7 28. Qd3 Qxd3 29. Bxd3 Bd5 30. g3 Kf8 31. Kf1 Ke7 32. Ke2 Ke6 33. Ke3
g5 34. f4 f6 35. h4 b6 36. b4 bxc5 37. bxc5 gxh4 38. gxh4 f5 39. Be2 Be4 40.
Bc4+ Bd5 41. Bd3 Be4 42. Bc4+ Bd5 1/2-1/2

[Event "ODJM B 2022"]
[Site "Willingen GER"]
[Date "2022.06.05"]
[Round "1"]
[White "Abou Wally, Adrian"]
[Black "Frydel, Marcel"]
[Result "1-0"]
[Termination "normal"]
[Board "14"]
[WhiteElo "1601"]
[BlackElo "1251"]
[PlyCount "113"]
[WhiteFideId "16245113"]
[BlackFideId "16245733"]
[EventCountry "GER"]
[EventRounds "9"]
[EventType "swiss"]
[EventDate "2022.06.04"]

1. e4 e5 2. Nf3 Nf6 3. Nc3 Bb4 4. d3 d5 5. Bd2 Nc6 6. a3 Be7 7. exd5 Nxd5 8. g3
b6 9. Bg2 Bb7 10. O-O Nxc3 11. Bxc3 Nd4 12. Nxe5 Bxg2 13. Kxg2 Qd5+ 14. Nf3 Bf6
15. Re1+ Kd7 16. Bxd4 Bxd4 17. c3 Bf6 18. Qa4+ b5 19. Qg4+ Kc6 20. Qe4 Qxe4 21.
Rxe4 Rad8 22. d4 Kd5 23. Nd2 Rhe8 24. Rae1 Rxe4 25. Rxe4 a5 26. b3 c5 27. c4+
bxc4 28. bxc4+ Kd6 29. dxc5+ Kxc5 30. Nb3+ Kb6 31. c5+ Kb5 32. a4+ Kc6 33.
Nxa5+ Kc7 34. Rc4 Ra8 35. Nb3 Kc6 36. Rb4 Ra6 37. a5 Bd8 38. Rd4 Be7 39. Rf4 f6
40. Re4 Kd7 41. Rb4 Ra7 42. Kf3 Bd8 43. Rd4+ Kc7 44. Ke4 Be7 45. Kd5 g6 46. Ke6
Kc6 47. Rd5 f5 48. Nd4+ Kc7 49. Rd7+ Kb8 50. Rxa7 Kxa7 51. Kxe7 Ka6 52. c6 Kxa5
53. c7 Ka6 54. c8=Q+ Ka7 55. Kd6 Kb6 56. Qb8+ Ka5 57. Qb5# 1-0

[Event "ODJM B 2022"]
[Site "Willingen GER"]
[Date "2022.06.05"]
[Round "1"]
[White "Masur, Maxim"]
[Black "von Jan, Lena"]
[Result "1-0"]
[Termination "normal"]
[Board "15"]
[WhiteElo "1428"]
[BlackElo "1634"]
[PlyCount "75"]
[WhiteFideId "34606637"]
[BlackFideId "12946060"]
[EventCountry "GER"]
[EventRounds "9"]
[EventType "swiss"]
[EventDate "2022.06.04"]

1. e4 e5 2. Nf3 Nc6 3. Bb5 a6 4. Ba4 Bc5 5. O-O b5 6. Bb3 d6 7. c3 Nf6 8. d4
exd4 9. cxd4 Bb6 10. Bg5 h6 11. Bxf6 Qxf6 12. e5 Qe7 13. exd6 Qxd6 14. Re1+ Ne7
15. Bxf7+ Kxf7 16. Ne5+ Kg8 17. Qf3 Qd5 18. Ng6 Qxf3 19. Nxe7+ Kf7 20. gxf3
Bxd4 21. Nc3 Bb7 22. Rad1 Rad8 23. Ned5 Bxc3 24. Nxc3 Bxf3 25. Rc1 c5 26. Re5
Kf6 27. Rce1 Bg4 28. Rxc5 Rc8 29. Nd5+ Kf7 30. Re7+ Kf8 31. Rxc8+ Bxc8 32. Ra7
g5 33. Ne7 Rh7 34. Nxc8 Rxa7 35. Nxa7 Ke7 36. Nc6+ Kd6 37. Nd8 Ke7 38. Nb7 1-0

[Event "ODJM B 2022"]
[Site "Willingen GER"]
[Date "2022.06.05"]
[Round "1"]
[White "Hoffmann, Alexander"]
[Black "Vollmer, Jan"]
[Result "1-0"]
[Termination "normal"]
[Board "16"]
[WhiteElo "1638"]
[BlackElo "1540"]
[PlyCount "49"]
[WhiteFideId "16240219"]
[BlackFideId "16287649"]
[EventCountry "GER"]
[EventRounds "9"]
[EventType "swiss"]
[EventDate "2022.06.04"]

1. c4 e5 2. g3 Nc6 3. Bg2 Bc5 4. e3 Nf6 5. Nc3 d6 6. Nge2 Be6 7. d4 exd4 8.
exd4 Bxc4 9. dxc5 O-O 10. cxd6 Ne5 11. O-O Nd3 12. b3 Ba6 13. Bxb7 Nxf2 14.
Rxf2 Bxb7 15. Bg5 cxd6 16. Nd5 Bxd5 17. Bxf6 Bxb3 18. Bxd8 Bxd1 19. Be7 Rfe8
20. Rxd1 Rxe7 21. Rxd6 g6 22. Nf4 Rb8 23. Nd5 Re1+ 24. Kg2 f5 25. Rd7 1-0

[Event "ODJM B 2022"]
[Site "Willingen GER"]
[Date "2022.06.05"]
[Round "1"]
[White "Bouhadjer, Youcef"]
[Black "Glotz, Richard"]
[Result "1/2-1/2"]
[Termination "normal"]
[Board "18"]
[WhiteElo "1630"]
[BlackElo "1607"]
[PlyCount "59"]
[WhiteFideId "16251539"]
[BlackFideId "34601520"]
[EventCountry "GER"]
[EventRounds "9"]
[EventType "swiss"]
[EventDate "2022.06.04"]

1. e4 c5 2. Nf3 Nc6 3. d4 cxd4 4. Nxd4 g6 5. Be3 Bg7 6. c3 Nf6 7. Nd2 O-O 8.
Be2 d5 9. Bf3 Ne5 10. Qc2 Nxf3+ 11. N4xf3 Nxe4 12. Nxe4 Bf5 13. Nfd2 dxe4 14.
Nxe4 Qd5 15. f3 Rad8 16. O-O Qd3 17. Qxd3 Rxd3 18. Bc5 b6 19. Bxe7 Bxe4 20.
fxe4 Re8 21. Ba3 Rxe4 22. Rad1 Rxd1 23. Rxd1 Re8 24. Kf2 Bf8 25. Bxf8 Kxf8 26.
Rd7 Re7 27. Rxe7 Kxe7 28. Ke3 Kd6 29. Kf4 f6 30. g4 1/2-1/2

[Event "ODJM B 2022"]
[Site "Willingen GER"]
[Date "2022.06.05"]
[Round "1"]
[White "Hornstein, Leonhard Orell"]
[Black "Maul, Maik Joel"]
[Result "0-1"]
[Termination "normal"]
[Board "19"]
[WhiteElo "1214"]
[BlackElo "1532"]
[PlyCount "74"]
[WhiteFideId "16254643"]
[BlackFideId "16204816"]
[EventCountry "GER"]
[EventRounds "9"]
[EventType "swiss"]
[EventDate "2022.06.04"]

1. d4 f5 2. f4 Nf6 3. e3 d6 4. Nf3 Nbd7 5. Be2 e6 6. O-O Be7 7. Nbd2 O-O 8. c3
Ng4 9. Nb3 e5 10. fxe5 dxe5 11. dxe5 Ndxe5 12. Qc2 Bd6 13. g3 Qe7 14. Nbd4 b6
15. Nxe5 Qxe5 16. Bxg4 fxg4 17. Rxf8+ Bxf8 18. e4 Bb7 19. Bf4 Qc5 20. Re1 Re8
21. Kf1 Qc4+ 22. Kg2 c5 23. Qb3 Qxb3 24. Nxb3 Rxe4 25. Rxe4 Bxe4+ 26. Kf2 Bd5
27. Nc1 Kf7 28. b3 Ke6 29. Nd3 c4 30. Nc1 Bc5+ 31. Kf1 b5 32. b4 Bb6 33. Ke2
Kf5 34. Be3 Bf3+ 35. Kf2 Ke5 36. Bxb6 axb6 37. a3 h6 0-1

[Event "ODJM B 2022"]
[Site "Willingen GER"]
[Date "2022.06.05"]
[Round "1"]
[White "Günther, Arthur"]
[Black "Laux, Filip"]
[Result "0-1"]
[Termination "normal"]
[Board "20"]
[WhiteElo "1579"]
[BlackElo "1395"]
[PlyCount "80"]
[WhiteFideId "16230078"]
[BlackFideId "16275730"]
[EventCountry "GER"]
[EventRounds "9"]
[EventType "swiss"]
[EventDate "2022.06.04"]

1. d4 d5 2. Nf3 Nf6 3. e3 c5 4. b3 e6 5. Bd3 Nc6 6. a3 Qb6 7. O-O cxd4 8. exd4
Bd7 9. Bb2 Be7 10. Nbd2 Rc8 11. c4 O-O 12. c5 Qc7 13. b4 a6 14. Qc2 Na7 15. Ne5
Bc6 16. Ndf3 h6 17. Bc1 Bb5 18. Bf4 Bxd3 19. Qxd3 Nh5 20. Bd2 Nc6 21. a4 b6 22.
Nxc6 Qxc6 23. Qxa6 bxc5 24. Qxc6 Rxc6 25. bxc5 Nf6 26. Ne5 Ra6 27. f3 Rfa8 28.
a5 Bd8 29. c6 Ne8 30. Ra2 f6 31. Nd3 Rxc6 32. Re1 Kf7 33. Nc5 Be7 34. Nd7 Ra7
35. Nb6 Rxb6 36. axb6 Rxa2 37. Bc3 Ra8 38. Rb1 Rb8 39. b7 Nd6 40. Ba5 Rxb7 0-1

[Event "ODJM B 2022"]
[Site "Willingen GER"]
[Date "2022.06.05"]
[Round "1"]
[White "Meitzner, Johan Eduard"]
[Black "Visvikis, Kassandra"]
[Result "0-1"]
[Termination "normal"]
[Board "21"]
[WhiteElo "1396"]
[BlackElo "1626"]
[PlyCount "40"]
[WhiteFideId "34623612"]
[BlackFideId "36052167"]
[EventCountry "GER"]
[EventRounds "9"]
[EventType "swiss"]
[EventDate "2022.06.04"]

1. e4 e5 2. d4 exd4 3. c3 d5 4. Qxd4 Be6 5. Be3 a6 6. exd5 Qxd5 7. Nf3 Nc6 8.
Qxd5 Bxd5 9. Nbd2 Bd6 10. c4 Be6 11. Be2 Nb4 12. c5 Nc2+ 13. Kd1 Nxe3+ 14. fxe3
Bxc5 15. e4 O-O-O 16. Ke1 Nf6 17. h3 Nh5 18. Rd1 Bxa2 19. b3 Bb4 20. Kf1 Ng3+
0-1

[Event "ODJM B 2022"]
[Site "Willingen GER"]
[Date "2022.06.05"]
[Round "1"]
[White "John, Niklas"]
[Black "Kanno, Clara Yumi"]
[Result "1-0"]
[Termination "normal"]
[Board "22"]
[WhiteElo "1563"]
[BlackElo "1182"]
[PlyCount "59"]
[WhiteFideId "16234626"]
[BlackFideId "16259661"]
[EventCountry "GER"]
[EventRounds "9"]
[EventType "swiss"]
[EventDate "2022.06.04"]

1. e4 c5 2. Nf3 d6 3. d4 cxd4 4. Nxd4 Nf6 5. Nc3 a6 6. h3 e6 7. g4 b5 8. g5
Nfd7 9. a3 Bb7 10. Bg2 Nc6 11. Nxc6 Bxc6 12. h4 g6 13. Be3 Qc7 14. Bd4 e5 15.
Be3 Nb6 16. O-O Bg7 17. Bxb6 Qxb6 18. Qxd6 Rd8 19. Qb4 a5 20. Qb3 a4 21. Nxa4
Qd4 22. Nc3 Rb8 23. Rad1 Qc5 24. Nd5 O-O 25. Rd3 Rfc8 26. Rfd1 Bxd5 27. Rxd5
Qxc2 28. Rd8+ Bf8 29. Qxc2 Rxc2 30. Rxb8 1-0

[Event "ODJM B 2022"]
[Site "Willingen GER"]
[Date "2022.06.05"]
[Round "1"]
[White "Schaudienst, Arvid"]
[Black "Hofmann, Benjamin"]
[Result "1-0"]
[Termination "normal"]
[Board "23"]
[WhiteElo "1411"]
[BlackElo "1483"]
[PlyCount "43"]
[WhiteFideId "16266943"]
[BlackFideId "16270266"]
[EventCountry "GER"]
[EventRounds "9"]
[EventType "swiss"]
[EventDate "2022.06.04"]

1. e4 e5 2. Nf3 Nc6 3. Bb5 a6 4. Ba4 Bc5 5. O-O d6 6. c3 b5 7. Bb3 Bg4 8. d3
Nf6 9. Nbd2 d5 10. exd5 Nxd5 11. Ne4 Ba7 12. h3 Bh5 13. Ng3 Bg6 14. Re1 Nde7
15. Nxe5 Nxe5 16. Rxe5 Bxd3 17. Qf3 O-O 18. Bg5 Ng6 19. Bxd8 Nxe5 20. Qxa8 Bb6
21. Qd5 Bg6 22. Be7 1-0

[Event "ODJM B 2022"]
[Site "Willingen GER"]
[Date "2022.06.05"]
[Round "1"]
[White "Vollbehr, Bjarne"]
[Black "Schotthöfer, Samira"]
[Result "1-0"]
[Termination "normal"]
[Board "24"]
[WhiteElo "1634"]
[BlackElo "1304"]
[PlyCount "47"]
[WhiteFideId "34606025"]
[BlackFideId "16243455"]
[EventCountry "GER"]
[EventRounds "9"]
[EventType "swiss"]
[EventDate "2022.06.04"]

1. d4 Nf6 2. c4 g6 3. Nc3 Bg7 4. e4 d6 5. f3 O-O 6. Be3 Nbd7 7. Nge2 c5 8. Qc2
a6 9. O-O-O Qc7 10. g4 cxd4 11. Nxd4 Ne5 12. g5 Nfd7 13. Nd5 Qa5 14. Nxe7+ Kh8
15. a3 Qd8 16. Nd5 Nc5 17. h4 Be6 18. Nf6 Qe7 19. Be2 h6 20. f4 Nc6 21. h5 Bxf6
22. gxf6 Qxf6 23. Nxc6 bxc6 24. Bd4 1-0